Les plus grandes villes du bassin du Saint-Laurent sur une carte - Statistiques

Statistiques générales
  • Ce quiz a été pris 2 780 fois
  • Le résultat moyen est 8 sur 20
Réponses sur la Carte
Les réponses sont colorées sur une échelle allant du rouge au vert en fonction du pourcentage des utilisateurs qui les ont devinées à leur premier essai. Vous pouvez retrouver ces pourcentages ci-dessous.
 
Statistiques - réponses
Population (2020) Agglomération % Correct
3 675 219 Montréal
95%
5 647 656 Toronto
89%
733 156 Québec
88%
8 671 746 Chicago
87%
1 068 821 Ottawa
80%
3 776 890 Detroit
73%
1 306 795 Milwaukee
37%
1 712 718 Cleveland
36%
948 864 Buffalo
32%
729 560 Hamilton
20%
423 369 London
20%
318 300 Lansing
18%
704 327 Rochester
16%
605 666 Grand Rapids
15%
497 952 Toledo
15%
541 879 Akron
14%
413 660 Syracuse
14%
335 934 Fort Wayne
11%
522 888 Kitchener
11%
335 949 Oshawa
10%
Aucun quiz correspondant
Distribution des résultats
% des personnes avec chaque résultat
Percentile par nombre de réponses
Votre historique - résultats
Vous n’avez pas pris ce quiz